000 00521nam a2200193Ia 4500
008 220216s9999 xx 000 0 und d
100 _aGeorge K T
245 0 _aRubber-based industrialisation in Kerala: An assessment of missed linkages
260 _bEconomic and Political Weekly
_c1992
300 _a47-49
500 _aSource Year: 1992
650 _aEconomic analysis
650 _aIndustrial development
650 _aProcessing
650 _aRubber
700 _aJoseph T
856 _uATA
942 _cJS
999 _c68199
_d68199